000 00319nam a22001337a 4500
008 250424b |||||||| |||| 00| 0 eng d
020 _a0333423739
050 _aHD6135
_b.D49
100 _aALICE Dex
245 _aWomen's Occupation Mobility
260 _aBritain
_bHong Kong
_c1987
300 _axii, 157p.
942 _cBK
999 _c3145
_d3145